| 000 | 00447nam a2200145 a 4500 | ||
|---|---|---|---|
| 001 | 000027979 | ||
| 005 | 20210703221528.0 | ||
| 008 | 110406s2004 dr ad 000 0 spa d | ||
| 040 |
_aDO-SdBNP _bspa _cBNPHU |
||
| 245 | 0 | 0 | _aMemoria 2003/. |
| 260 |
_aSanto Domingo : _bEditora Amalba _bCNSS, _c2004. |
||
| 300 |
_a33, [14] p. : _bil., gráf. ; _c28 cm. |
||
| 710 | 2 |
_aConsejo Nacional de Seguridad Social (República Dominicana) _963839 |
|
| 049 | _aBNPD | ||
| 999 |
_c27471 _d27471 |
||